000 00906nam a22002417a 4500
008 240706b mp ||||| |||| 00| 0 mon d
020 _a978-99973-1-860-2
035 _a62374
040 _aBH0164090
_bmon
_cMN-UlNLM
_dMN-UlNLM
_erda
041 _amon
042 _a188212
084 _2NNA
_a83.8
_bВ.67
100 _aВиллиамс Д.
245 0 _aТэрбумтан хүү
264 _aУБ.
_bМонсудар хэвлэлийн газар
_c2021
300 _a300х.
336 _2rdacontent
_atext
_btxt
337 _2rdamedia
_aunmediated
_bn
338 _2rdacarrier
_avolume
_bnc
650 _aЖоёыг жаргалтай болгох маш олон зүйл бий. Түүнд хувийн кино театр, боулингийн газар, бүр орангутан сармагчин хүртэл байдаг. Тэр ...
942 _2NNA
_cBK
999 _c1122560
_d1122617